| 000 | 00889cam a2200253 4500 | ||
|---|---|---|---|
| 008 | 000000n2002 000 0 eng u | ||
| 020 | _a1870325621 | ||
| 035 | _a(Sirsi) u108834 | ||
| 041 | _aeng | ||
| 050 | _a526.982 | ||
| 100 | _aRead, R. | ||
| 245 | _aManual of aerial survey: primary data acquisition | ||
| 260 |
_aLatheronwheel _bWhittles Publishing _c2002 |
||
| 300 |
_aviii,408p. _bill. _c25cm. |
||
| 350 | _a65 | ||
| 520 | _aA practical text covering all the basics of aerial photography, particularly the survey aspects of the subject. Looks at differential GPS systems, survey flight management systems, modern film survey cameras and digital cameras, and laser profilers. | ||
| 650 | _aAERIAL PHOTOGRAPHY | ||
| 650 | _aAERIAL PHOTOGRAMMETRY | ||
| 650 | _aMAPPING | ||
| 650 | _aAERIAL SURVEY | ||
| 690 | _aGEOMATICS-GPS | ||
| 700 | _aGraham, .R. | ||
| 942 | _n0 | ||
| 999 |
_c100859 _d100859 |
||